000 00377cam a2200157ua 4500
003 OSt
008 250512b |||||||| |||| 00| 0 eng d
041 _aeng
082 _a624.17
_bHEA/ME
100 _aHearn, E.J .
_97492
245 _aMechanics of materials 1 /
250 _a3 /
260 _aNew Delhi :
_bButterworth-Heinemann ,
_c2008.
300 _a ; .
942 _cBK
999 _c13522
_d13522